000
00234nam a2200097Ia 4500
008
190216s9999||||xx |||||||||||||| ||und||
100
_a
Harold E Palmer
245
0
_a
Grammer Of English Words
260
_b
English Uty Press
942
_c
BK
999
_c
15190
_d
15190